| 000 | 00471nam a22001697a 4500 | ||
|---|---|---|---|
| 003 | OSt | ||
| 005 | 20140310182332.0 | ||
| 008 | 130313t xxu||||| |||| 00| 0 eng d | ||
| 020 | _a1854342681 | ||
| 050 |
_aQL 49 _b.Am489 1994 |
||
| 082 |
_aQL49 . _bP385 1994 |
||
| 245 |
_aAmazing animals _cCaroline Clayton and Damian Kelleher |
||
| 260 |
_aLondon: _bTwo-Can Publishing Ltd., _c1994. |
||
| 300 |
_a31 p. : _bill. ; _c27 cm. |
||
| 942 |
_2lcc _cBK-GS |
||
| 999 |
_c12001 _d12001 |
||